000 00821nac a22002657a 4500
001 BR9700650
003 BR-BrBNA
005 20240105121853.0
008 230509b bl.|||m| |||| 00| 0 por d
040 _aBR-BrBNA
_bpor
_cBiblioteca Nacional de Agricultura
072 _aL01; L73
090 _a6100 BR9700650
100 1 _aSouza, A.P. de
110 1 _aFederacao dos Clubes Agricolas do Estado de Sao Paulo, SP (Brasil)
_94654
245 1 _aCriacao de galinhas
260 3 _aSao Paulo, SP (Brasil):
_c[nd].
300 _a12 p.
490 _aClubes Agricolas - Federacao dos Clubes Agricolas do Estado de Sao Paulo (Brazil)
_vno. 11
_x
500 _a7 illus.
650 _aGalinha
650 _aCriacao
650 _aDoenca Animal
909 _a202312
_bLúcia Elande
_c55
_dLúcia Elande
942 _2AGRIS
_n0
_cMS
999 _c287951
_d287951